| 000 | 01689cam a2200361 a 4500 | ||
|---|---|---|---|
| 999 |
_c25189 _d25189 |
||
| 001 | 15861861 | ||
| 003 | OSt | ||
| 005 | 20170131091959.0 | ||
| 008 | 090810s2010 nyua b 001 0 eng | ||
| 010 | _a 2009031284 | ||
| 020 | _a9780415871198 | ||
| 020 | _a0415871190 | ||
| 035 | _a(OCoLC)ocn318414810 | ||
| 040 |
_aDLC _cDLC _dBTCTA _dC#P _dDLC |
||
| 043 | _an-us--- | ||
| 050 | 0 | 0 |
_aN8725 _b.K53 2010 |
| 082 | 0 | 0 |
_a700.1/030973 _222 |
| 100 | 1 | _aKidd, Dustin. | |
| 245 | 1 | 0 |
_aLegislating creativity : _bthe intersections of art and politics / _cDustin Kidd. |
| 260 |
_aNew York : _bRoutledge, _c2010. |
||
| 300 |
_axvi, 174 p.: _bill. ; _c24 cm. |
||
| 490 | 1 |
_aRoutledge advances in sociology ; _v51 |
|
| 504 | _aIncludes bibliographical references and index. | ||
| 505 | 0 | _aThe culture war of the arts -- The scandal of public funds -- Sexual politics in the defense of art -- Witness for the arts -- Spell it like the freedom fighters -- Conclusions and revisitations. | |
| 610 | 2 | 0 | _aNational Endowment for the Arts. |
| 650 | 0 |
_aArt and state _zUnited States. |
|
| 650 | 0 |
_aArt _xPolitical aspects _zUnited States. |
|
| 651 | 0 |
_aUnited States _xCultural policy. |
|
| 830 | 0 |
_aRoutledge advances in sociology ; _v51. |
|
| 856 | 4 | 2 |
_3Contributor biographical information _uhttp://www.loc.gov/catdir/enhancements/fy1102/2009031284-b.html |
| 906 |
_a7 _bcbc _corignew _d1 _eecip _f20 _gy-gencatlg |
||
| 942 |
_2lcc _cBOOKS _hN 8725 .K53 2009 |
||